|
|
|
|
| LEADER |
00000nam a2200000 a 4500 |
| 001 |
vtls010649085 |
| 003 |
SK-MaSNL |
| 005 |
20260301225401.0 |
| 008 |
240315 1844 xo 001 0 ger |
| 035 |
|
|
|a A9EBBB13-8BE6-4112-9E93-869D66E2265A
|
| 035 |
|
|
|a urn:nbn:sk:snk-amtfn6
|
| 035 |
|
|
|a urn:nbn:sk:snk-am00c96t
|
| 040 |
|
|
|a SNK
|b slo
|c SNK
|e AACR2
|
| 041 |
1 |
|
|a ger
|h slo
|
| 044 |
|
|
|a gw
|c DE
|
| 080 |
|
|
|a 93/94
|2 2001
|
| 080 |
|
|
|a (=16)
|2 2001
|
| 080 |
|
|
|a 316.7
|2 2001
|
| 100 |
1 |
|
|a Šafárik, Pavol Jozef,
|d 1795-1861
|4 aut
|9 85839
|
| 245 |
|
|
|a Paul Joseph Schafariks Slawische Alterthümer
|b deutsch von Mosig von Aehrenfeld
|c herausgegeben von H. Wuttke
|n Zweyter Band
|
| 260 |
|
|
|a Leipzig
|b Verlag von Wilhelm Engelmann
|c 1843
|
| 300 |
|
|
|a xiv., 742 s. [2]
|c 22 cm
|
| 546 |
|
|
|a Nemčina
|b Fraktura
|
| 561 |
|
|
|a Okrúhla pečiatka: Dar Martina Hamuljaka Matici slovenskej
|5 SNK SC 8266/2
|
| 561 |
|
|
|a Okrúhla pečiatka: Nyitravármegyei Muzeum 1900
|5 SNK 8266/2
|
| 650 |
0 |
7 |
|a dejiny
|2 SNKPH
|9 3825
|
| 650 |
0 |
7 |
|a Slovania
|2 SNKPH
|9 18587
|
| 650 |
0 |
7 |
|a kultúra
|2 SNKPH
|9 886
|
| 700 |
1 |
|
|a Wuttke, Heinrich
|4 pbl
|9 347672
|
| 700 |
1 |
|
|a Engelmann, Wilhelm
|4 pbl
|9 347673
|
| 700 |
1 |
|
|a Hamuljak, Martin,
|d 1789-1859
|4 fmo
|9 79936
|
| 752 |
|
|
|a Nemecko
|d Leipzig
|
| 852 |
|
|
|a snk
|b Historické fondy
|p SC 8266/2
|
| 958 |
|
|
|a ONDV
|
| 999 |
|
|
|c 950690
|d 952620
|
| 952 |
|
|
|t Ham 576
|a SNK
|b SNK
|c SNK_HF
|y PREZ
|7 0
|p 17A1127066
|o snkSC 8266/2
|i snkKSF 2341/56
|8 5
|0 0
|1 0
|4 0
|d 2015-01-23
|f 1
|l 0
|r 2026-02-24 09:47:15
|w 2026-02-24
|